01126 a2200157 45000010006000000050017000060080041000230030015000640400040000790800035001192450031001542640034001853000025002195050697002441000027009411634620260407155458.0260407a1971 arg spa dAR-UNSa-BCEJYS aAR-UNSa-BCEJYSbspacAR-UNSa-BCEJYS a657.47xContabilidad de Costos10aManual de costos standards 1aBuenos Aires :bAguilarc1971 alxi, 1072 p.c21 cm. a1. Introducción a la contabilidad de costos; 2. Sistemas de costos; 3. Cuentas principales de la contabilidad de costos; 4. Clasificación de los desembolsos; 5. Clasificación de los desembolsos según su variabilidad; 6. Contabilización de la materia prima; 7. Contabilización de la mano de obra; 8. Contabilización de las cargas sociales; 9. Contabilización de los gastos de fabricación; 10. Costos standards; 11. Determinación de costos standards; 12. Mecanismos de contabilización; 13. Variaciones en standards; 14. Informes de costos; 15. Gastos de comercialización; 16. Costos para toma de decisiones; 17. Costeo directo; 18. Planificación y control de gestión1 aVázquez, Juan Carlos